| 000 | 00766 a2200205 4500 | ||
|---|---|---|---|
| 010 | _aENG-85157 | ||
| 020 |
_a0195676793 _c595.00 |
||
| 035 | _aEN-68690 | ||
| 037 | _bD.B.Act / Pub | ||
| 082 | 1 | 4 | _a338.922 |
| 090 |
_c1549 _d1549 |
||
| 100 | 1 | _aBardhan, Pranab | |
| 245 | 1 |
_aScarcity, conflicts, and cooperation _bessays in the political and institutional economics of development _cby Pranab Bardhan |
|
| 260 |
_aNew Delhi _bOxford University Press _c2006 |
||
| 270 |
_aYMCA Library Building, Jai Singh Road _bNew Delhi _e110 001 |
||
| 300 |
_axi, 306p. _b22 cm (Hb.) |
||
| 500 | _aIncludes bibliographical refrences and index | ||
| 942 |
_adpl _cEN _k338.922 / BAR |
||
| 999 |
_c1525 _d1525 |
||